مكتبة جامعة عجلون الوطنية

فهرس بحث المكتبة

Normal view MARC view
  • دول العالم - السلطات الدستورية الادارية - التنفيذية - السياسية - القانونية

Entry Topical Term

Number of records used in: 1

001 - CONTROL NUMBER

  • control field: 10263

003 - CONTROL NUMBER IDENTIFIER

  • control field: JO-AjAnu

005 - DATE AND TIME OF LATEST TRANSACTION

  • control field: 20230606071940.0

008 - FIXED-LENGTH DATA ELEMENTS

  • fixed length control field: 230606|| aca||aabn | a|a d

040 ## - CATALOGING SOURCE

  • Original cataloging agency: JO-AjAnu
  • Transcribing agency: JO-AjAnu

150 ## - HEADING--TOPICAL TERM

  • Topical term or geographic name entry element: دول العالم - السلطات الدستورية الادارية - التنفيذية - السياسية - القانونية

670 ## - SOURCE DATA FOUND

  • Source citation: Work cat.: (JO-AjAnu)5285: الجاوشلي ، هادي رشيد, author 10262, دول العالم : دراسة موجزة لسلطات الدولة الدستورية التنفيذية والتشريعية والادارية والنظم السياسية والاقتصادية ومبادى عامة قانونية والهيئات والمنظمات الدولية والمشاكل الدولية في العالم